| 000 | 00679nam a22001577a 4500 | ||
|---|---|---|---|
| 008 | 120517t xxu||||| |||| 00| 0 eng d | ||
| 245 |
_aConcise oxford dictionary. / _cedited by Catherine Soanes and Angus Stevenson |
||
| 250 | _a11th ed. | ||
| 260 |
_aNew York: _bOxford University Press, _cc2006. |
||
| 300 |
_axx, 1704 p: _c24cm. |
||
| 505 | _aContents: Editorial team -- Preface -- Introduction -- Guide to the use of the dictionary -- Abbreviations used in the dictionary -- Note on trademarks and proprietary status -- Concise Oxford english dictionary -- Appendices. | ||
| 650 | _bDictionary | ||
| 700 | _aSoanes, Catherine | ||
| 700 | _aStevenson, Angus | ||
| 942 |
_2lcc _cBK |
||
| 999 |
_c910 _d8410 |
||